000 00707nam a2200229 i 4500
001 141153
003 ES-MaACL
005 20250824211724.0
007 t|
008 070919s1957 sp ||||1| spa d
080 _a791.43(04)
100 1 _aYvoire, Jean d'.
_9117768
245 1 3 _aEl cine redentor de la realidad /
_cJean d'Yvoire ; [traducción de José Luis Guarner].
260 _aMadrid :
_bRialp,
_c1957.
300 _a139 p. :
_bil. ;
_c19 cm.
490 1 _aLibros de cine Rialp ;
_v2
650 1 4 _aRealismo-
_xEn el cine.
_916686
700 1 _aGuarner, José Luis.
_960339
830 1 0 _aLibros de cine Rialp
_v2
_9181163
852 _aES-MaACL
_jC-15686
999 _c141153
_d141153